[Event "Superfest U1700"]
[Site "Sainte-Adele CAN"]
[Date "2012.08.15"]
[Round "1"]
[White "Saha, Ananda"]
[Black "Molloy, Francis"]
[Result "1/2-1/2"]
[WhiteElo "1549"]
[BlackElo "1390"]
[PlyCount "106"]
[GameId "2160767909445609"]
[EventDate "2012.08.15"]
[EventType "swiss"]
[EventRounds "5"]
[EventCountry "CAN"]
[SourceTitle "hb 2012"]

1. d4 d5 2. c4 e6 3. Nc3 Be7 4. Nf3 Nf6 5. Bg5 h6 6. Bh4 O-O 7. e3 a6 8. cxd5 Nxd5 9. Bxe7 Qxe7 10. Nxd5 exd5 11. Bd3 Qb4+ 12. Qd2 Qxd2+ 13. Nxd2 Nd7 14. Rc1 c6 15. O-O Nf6 16. a4 Bd7 17. Nb3 b6 18. a5 Rfb8 19. Rc2 bxa5 20. Nc5 Bc8 21. Ra1 Nd7 22. Nxd7 Bxd7 23. Rxa5 Rb6 24. f3 Rb3 25. Rd2 Rb6 26. e4 dxe4 27. fxe4 Rab8 28. Rxa6 Rxb2 29. Rxb2 Rxb2 30. Ra8+ Kh7 31. e5+ g6 32. Ra7 Be6 33. Be4 Rb4 34. Bxc6 Rxd4 35. Ra5 g5 36. Kf2 Kg7 37. Ke3 Rc4 38. Be4 Rc1 39. Kd2 Rc4 40. Bd3 Rd4 41. Kc3 Rd5 42. Rxd5 Bxd5 43. g3 Kf8 44. Kd4 Be6 45. Bc4 Bf5 46. Bd5 Ke7 47. Bf3 Be6 48. g4 Bd7 49. h3 Bb5 50. Bg2 f6 51. Kc5 Ba6 52. exf6+ Kxf6 53. Kd4 Bc8 1/2-1/2

[Event "Superfest U1700"]
[Site "Sainte-Adele CAN"]
[Date "2012.08.16"]
[Round "2"]
[White "Bolduc, Jacques"]
[Black "Bergeron, Jean-Guy"]
[Result "0-1"]
[WhiteElo "1413"]
[BlackElo "1446"]
[PlyCount "58"]
[GameId "2160767909445610"]
[EventDate "2012.08.15"]
[EventType "swiss"]
[EventRounds "5"]
[EventCountry "CAN"]

1. d4 Nc6 2. d5 Ne5 3. e4 e6 4. Bf4 Ng6 5. Bg3 exd5 6. exd5 Bb4+ 7. c3 Qe7+ 8. Qe2 Qxe2+ 9. Bxe2 Ba5 10. Nf3 d6 11. O-O Nf6 12. Bb5+ Kf8 13. Bc4 Bd7 14. Nbd2 h5 15. h4 b5 16. Bb3 Bb6 17. a3 a5 18. Rfe1 Ng4 19. Rad1 f5 20. Rf1 Re8 21. Bh2 Re2 22. Nd4 Bxd4 23. cxd4 Nxh2 24. Kxh2 Nxh4 25. Kg3 g5 26. f4 Nxg2 27. Rf2 Nxf4 28. Rxf4 gxf4+ 29. Kf3 Rh2 0-1

[Event "Superfest U1700"]
[Site "Sainte-Adele CAN"]
[Date "2012.08.16"]
[Round "2"]
[White "Labrecque, Rejean"]
[Black "Gignac, Guy"]
[Result "1/2-1/2"]
[WhiteElo "1688"]
[BlackElo "1561"]
[PlyCount "137"]
[GameId "2160767909445611"]
[EventDate "2012.08.15"]
[EventType "swiss"]
[EventRounds "5"]
[EventCountry "CAN"]

1. d4 d5 2. c4 c6 3. Nf3 Nf6 4. e3 e6 5. Bd3 dxc4 6. Bxc4 c5 7. O-O Be7 8. Nc3 cxd4 9. exd4 a6 10. Bf4 b5 11. Bb3 Bb7 12. Rc1 Nc6 13. d5 exd5 14. Nxd5 O-O 15. Nxe7+ Nxe7 16. Qxd8 Raxd8 17. Ne5 Nfd5 18. Bd2 Rd6 19. Rfd1 Rfd8 20. Ba5 Rc8 21. Rxc8+ Nxc8 22. a3 g6 23. g3 Kg7 24. h4 f6 25. Nd3 Nde7 26. Bb4 Rd8 27. Nc5 Rxd1+ 28. Bxd1 Bd5 29. Nxa6 Nc6 30. Bc5 Ne5 31. Nb4 Bb7 32. Be2 Nc4 33. Nd3 Bc6 34. b3 Nd2 35. Bd1 Bd5 36. Nc1 Ne4 37. Bb4 Nb6 38. Nd3 Kf7 39. Kf1 Bc6 40. Nc5 Nxc5 41. Bxc5 Nd7 42. Bd4 Ke6 43. Ke2 Kd5 44. Kd3 Kd6 45. f3 f5 46. a4 bxa4 47. bxa4 Nb8 48. Bb2 Bd5 49. Ba3+ Kc6 50. Kd4 Nd7 51. Be2 Bb3 52. a5 Kc7 53. Bc5 Kc6 54. a6 Ba4 55. Kc4 Bb5+ 56. Kd4 Bxe2 57. a7 Kb7 58. f4 Nxc5 59. Kxc5 Kxa7 60. Kd5 Kb6 61. Ke6 Kc5 62. Kf6 Kd4 63. Kg7 Ke3 64. Kxh7 Bh5 65. Kh6 Kf3 66. g4 fxg4 67. f5 g3 68. f6 g2 69. f7 1/2-1/2

[Event "Superfest U1700"]
[Site "Sainte-Adele CAN"]
[Date "2012.08.16"]
[Round "2"]
[White "Molloy, Francis"]
[Black "Bolduc, Olivier"]
[Result "0-1"]
[WhiteElo "1390"]
[BlackElo "1319"]
[PlyCount "74"]
[GameId "2160767909445612"]
[EventDate "2012.08.15"]
[EventType "swiss"]
[EventRounds "5"]
[EventCountry "CAN"]

1. e4 c5 2. Nf3 Nc6 3. d4 d6 4. Nc3 cxd4 5. Nxd4 a6 6. Be2 Qb6 7. Nxc6 bxc6 8. Rb1 Nf6 9. Be3 Qc7 10. O-O g6 11. Bg5 Bg7 12. Qd2 O-O 13. Rfe1 Rd8 14. Qf4 Bb7 15. Bf3 Ne8 16. Ne2 Be5 17. Qh4 Rd7 18. Bg4 e6 19. Bf4 d5 20. Bxe5 Qxe5 21. exd5 cxd5 22. Nc3 Qg7 23. Qg3 Nf6 24. Bh3 Rad8 25. Ne2 d4 26. Rbd1 Be4 27. Rd2 d3 28. cxd3 Rxd3 29. Rxd3 Bxd3 30. Rd1 Ne4 31. Qe3 Qxb2 32. Rxd3 Qb1+ 33. Qc1 Qxd3 34. Ng3 Nxg3 35. hxg3 Qd1+ 36. Qxd1 Rxd1+ 37. Kh2 Ra1 0-1

[Event "Superfest U1700"]
[Site "Sainte-Adele CAN"]
[Date "2012.08.16"]
[Round "2"]
[White "Ouellet, Maili-Jade"]
[Black "Saha, Ananda"]
[Result "1-0"]
[WhiteElo "1269"]
[BlackElo "1549"]
[PlyCount "126"]
[GameId "2160767909445613"]
[EventDate "2012.08.15"]
[EventType "swiss"]
[EventRounds "5"]
[EventCountry "CAN"]

1. d4 d5 2. c4 e6 3. Nc3 Nf6 4. Bg5 Be7 5. e3 O-O 6. Nf3 Nbd7 7. cxd5 Nxd5 8. Bxe7 Nxe7 9. Bd3 b6 10. Qc2 h6 11. Be4 Rb8 12. Nb5 Bb7 13. Nxa7 Bxe4 14. Qxe4 Nf6 15. Qc2 Qd5 16. O-O Rb7 17. e4 Nxe4 18. Nb5 Qxb5 19. Qxe4 Qd5 20. Rfe1 Qxe4 21. Rxe4 Rd8 22. Rc1 Ra7 23. a3 c6 24. Ne5 Rc7 25. h3 Rd5 26. Kh2 c5 27. dxc5 Rcxc5 28. Rxc5 Rxc5 29. Re2 Nd5 30. Nd7 Rc7 31. Ne5 Kf8 32. Kg3 Ke7 33. Ng4 f6 34. Ne3 Nxe3 35. Rxe3 g5 36. Re2 Rc5 37. Kg4 Rc4+ 38. Kh5 Kf7 39. g3 Rc8 40. Rd2 f5 41. Rd7+ Kf6 42. Rh7 Rg8 43. Rxh6+ Ke5 44. Rg6 Rh8+ 45. Kxg5 Rxh3 46. Rh6 Rxh6 47. Kxh6 b5 48. Kg5 Ke4 49. Kf6 e5 50. Kg5 f4 51. Kg4 fxg3 52. Kxg3 Kd3 53. b3 Kc3 54. a4 b4 55. a5 Kxb3 56. a6 Kc2 57. a7 b3 58. a8=Q b2 59. Qc6+ Kb1 60. Kf3 Ka1 61. Qb5 e4+ 62. Kxe4 b1=Q+ 63. Qxb1+ Kxb1 1-0

[Event "Superfest U1700"]
[Site "Sainte-Adele CAN"]
[Date "2012.08.16"]
[Round "2"]
[White "Selmani, Sam"]
[Black "Breton, Jules"]
[Result "1-0"]
[WhiteElo "1461"]
[BlackElo "1409"]
[PlyCount "103"]
[GameId "2160767909445614"]
[EventDate "2012.08.15"]
[EventType "swiss"]
[EventRounds "5"]
[EventCountry "CAN"]

1. d4 d5 2. c4 e6 3. Nc3 Bb4 4. Nf3 c5 5. a3 Bxc3+ 6. bxc3 Qa5 7. Bd2 Nf6 8. cxd5 exd5 9. c4 Qc7 10. cxd5 Nxd5 11. dxc5 O-O 12. Qb3 Be6 13. Nd4 Nc6 14. Nxe6 fxe6 15. e4 Qe5 16. Qb1 Nc3 17. Qc1 Qxe4+ 18. Be3 Nd5 19. Qc4 Qf5 20. Bd3 Qf6 21. O-O Rad8 22. Qe4 g6 23. Bh6 Rf7 24. Rae1 e5 25. Qg4 Re8 26. Bc4 Nce7 27. Bg5 Qc6 28. Rxe5 Kg7 29. Qd4 Kg8 30. Bxd5 Nxd5 31. Rxe8+ Qxe8 32. Qxd5 h5 33. h4 Kh7 34. Rb1 Qf8 35. Rxb7 Rg7 36. Rxg7+ Kxg7 37. Qd7+ Kg8 38. Qd8 Qxd8 39. Bxd8 Kf7 40. c6 Ke8 41. c7 Kd7 42. f4 a6 43. Kf2 a5 44. Ke3 a4 45. Ke4 Kc8 46. Ke5 Kd7 47. Kf6 g5 48. fxg5 Kc8 49. g6 Kd7 50. g7 Kc8 51. g8=Q Kd7 52. Qe6# 1-0

[Event "Superfest U1700"]
[Site "Sainte-Adele CAN"]
[Date "2012.08.16"]
[Round "2"]
[White "Wang, Constance"]
[Black "Bonneville-Roussy, Didier"]
[Result "1-0"]
[WhiteElo "1442"]
[BlackElo "1336"]
[PlyCount "69"]
[GameId "2160767909445615"]
[EventDate "2012.08.15"]
[EventType "swiss"]
[EventRounds "5"]
[EventCountry "CAN"]

1. e4 d5 2. exd5 Qxd5 3. Nc3 Qd6 4. d4 Nf6 5. Nf3 c6 6. Be2 Bf5 7. O-O Nbd7 8. Re1 e6 9. Be3 Qc7 10. Qd2 Nb6 11. Bf4 Bd6 12. Bxd6 Qxd6 13. h3 Ne4 14. Nxe4 Bxe4 15. c3 O-O 16. Qe3 Bd5 17. Ne5 f6 18. Nf3 Rae8 19. Qc1 c5 20. dxc5 Qxc5 21. Nd4 e5 22. Nf5 Bf7 23. Bf3 Bd5 24. Bxd5+ Nxd5 25. Qc2 b5 26. Rad1 Rd8 27. Qe4 b4 28. Rxd5 Rxd5 29. Qxd5+ Qxd5 30. Ne7+ Kf7 31. Nxd5 bxc3 32. Nxc3 Rb8 33. Re2 Ke6 34. Rd2 Rb4 35. Kf1 1-0

[Event "Superfest U1700"]
[Site "Sainte-Adele CAN"]
[Date "2012.08.16"]
[Round "2"]
[White "Wang, Kelly"]
[Black "Laurin, Marcel"]
[Result "1/2-1/2"]
[WhiteElo "1541"]
[BlackElo "1568"]
[PlyCount "75"]
[GameId "2160767909445616"]
[EventDate "2012.08.15"]
[EventType "swiss"]
[EventRounds "5"]
[EventCountry "CAN"]

1. e4 Nf6 2. Nc3 d6 3. d4 Nbd7 4. Bc4 e5 5. dxe5 Nxe5 6. Bb3 Be7 7. Nge2 Be6 8. Nd4 Bxb3 9. Nxb3 O-O 10. Qe2 c5 11. Be3 a6 12. O-O-O Qc7 13. f4 Nc6 14. Nd5 Nxd5 15. exd5 Na5 16. Nxa5 Qxa5 17. Kb1 Bf6 18. Qd2 Qb5 19. c3 a5 20. g4 g6 21. f5 Rfe8 22. g5 Be5 23. f6 a4 24. a3 Ra6 25. Rc1 Rb6 26. Rc2 Qb3 27. Kc1 Qa2 28. Qg2 Bxc3 29. bxc3 Qxa3+ 30. Kd2 Rb2 31. Rhc1 Rxc2+ 32. Rxc2 Qb3 33. Qh3 Qxd5+ 34. Kc1 a3 35. Qh6 Qh1+ 36. Kd2 Qg2+ 37. Kd1 Qf1+ 38. Kd2 1/2-1/2

[Event "Superfest U1700"]
[Site "Sainte-Adele CAN"]
[Date "2012.08.17"]
[Round "2"]
[White "Johnson-Constantin, Mathieu"]
[Black "Ming, Wenyang"]
[Result "1-0"]
[WhiteElo "1394"]
[BlackElo "1678"]
[PlyCount "103"]
[GameId "2160767909445617"]
[EventDate "2012.08.15"]
[EventType "swiss"]
[EventRounds "5"]
[EventCountry "CAN"]

1. e4 c5 2. Nf3 Nc6 3. d4 cxd4 4. Nxd4 Nf6 5. Nc3 e5 6. Ndb5 d6 7. Bg5 a6 8. Bxf6 gxf6 9. Na3 b5 10. Nd5 Bg7 11. Be2 Ne7 12. O-O O-O 13. c4 Nxd5 14. cxd5 f5 15. Bd3 fxe4 16. Bxe4 f5 17. Bc2 Qg5 18. Qc1 f4 19. f3 Bf5 20. Bxf5 Qxf5 21. Qc2 Rac8 22. Qxf5 Rxf5 23. Rfc1 Rff8 24. Rc2 Rxc2 25. Nxc2 Rc8 26. Nb4 a5 27. Nc6 a4 28. Ne7+ Kf7 29. Nxc8 Bf8 30. Rc1 Ke8 31. Na7 b4 32. Rc4 b3 33. Rxa4 bxa2 34. Rxa2 Be7 35. Nc6 Bf6 36. b4 h5 37. Ra7 Bd8 38. Nxd8 Kxd8 39. Kf2 Kc8 40. g3 Kd8 41. gxf4 exf4 42. Kg2 h4 43. Kh3 Kc8 44. Kxh4 Kd8 45. Kg5 Kc8 46. Kf6 Kb8 47. Rg7 Kc8 48. h4 Kd8 49. h5 Ke8 50. h6 Kf8 51. h7 Ke8 52. h8=Q# 1-0

[Event "Superfest U1700"]
[Site "Sainte-Adele CAN"]
[Date "2012.08.17"]
[Round "3"]
[White "Bergeron, Jean-Guy"]
[Black "Wang, Constance"]
[Result "1-0"]
[WhiteElo "1446"]
[BlackElo "1442"]
[PlyCount "35"]
[GameId "2160767909445618"]
[EventDate "2012.08.15"]
[EventType "swiss"]
[EventRounds "5"]
[EventCountry "CAN"]

1. c4 e6 2. e4 d6 3. d4 Nf6 4. Nc3 Be7 5. Nf3 O-O 6. Bd3 b6 7. e5 dxe5 8. dxe5 Nfd7 9. Be4 c6 10. Bf4 Bb7 11. Qc2 h6 12. Rd1 Qc7 13. Qc1 Nc5 14. Bb1 Nba6 15. Bxh6 Rad8 16. Qc2 Rxd1+ 17. Nxd1 gxh6 18. Qh7# 1-0

[Event "Superfest U1700"]
[Site "Sainte-Adele CAN"]
[Date "2012.08.17"]
[Round "3"]
[White "Bolduc, Olivier"]
[Black "Saine, Zachary"]
[Result "0-1"]
[WhiteElo "1319"]
[BlackElo "1546"]
[PlyCount "76"]
[GameId "2160767909445619"]
[EventDate "2012.08.15"]
[EventType "swiss"]
[EventRounds "5"]
[EventCountry "CAN"]

1. e4 e5 2. d4 exd4 3. c3 d5 4. exd5 Nf6 5. cxd4 Bb4+ 6. Nc3 Nxd5 7. Bd2 Nc6 8. Nf3 O-O 9. Be2 Be6 10. O-O Be7 11. Nxd5 Bxd5 12. a3 Bxf3 13. Bxf3 Nxd4 14. Be4 Bf6 15. Rb1 c6 16. Bb4 Re8 17. Qd3 Qb6 18. Bxh7+ Kh8 19. Be4 c5 20. Bc3 g6 21. Kh1 Kg7 22. f4 Rad8 23. f5 c4 24. Qg3 Rxe4 25. fxg6 fxg6 26. Rf2 Rh8 27. Rbf1 Re6 28. Rf4 Ne2 29. Qf3 Nxf4 30. Qxf4 Qd6 31. Qxd6 Rxd6 32. Bxf6+ Rxf6 33. Rc1 Rf2 34. Kg1 Rhf8 35. Rd1 Kh6 36. h3 Rxb2 37. Rc1 b5 38. a4 a6 0-1

[Event "Superfest U1700"]
[Site "Sainte-Adele CAN"]
[Date "2012.08.17"]
[Round "3"]
[White "Breton, Jules"]
[Black "Molloy, Francis"]
[Result "0-1"]
[WhiteElo "1409"]
[BlackElo "1390"]
[PlyCount "113"]
[GameId "2160767909445620"]
[EventDate "2012.08.15"]
[EventType "swiss"]
[EventRounds "5"]
[EventCountry "CAN"]

1. d4 d5 2. c4 e6 3. c5 b6 4. b4 a5 5. Qb3 axb4 6. Qxb4 bxc5 7. dxc5 Bd7 8. e3 Nc6 9. Qc3 Nf6 10. Bd3 Be7 11. Ne2 O-O 12. Bb2 Qb8 13. a3 Qa7 14. Nd2 Qxc5 15. O-O Qxc3 16. Nxc3 Ne5 17. Be2 Rfb8 18. Rfb1 c5 19. Nxd5 Nxd5 20. Bxe5 Rxb1+ 21. Rxb1 f6 22. Rb8+ Rxb8 23. Bxb8 Nc3 24. Bc4 Kf8 25. Bd3 h6 26. f4 g5 27. g4 Nd5 28. Nc4 Bb5 29. Bf1 Bc6 30. Kf2 Ke8 31. Nd6+ Kf8 32. f5 e5 33. Bc4 Nb6 34. Be6 Bd7 35. Bxd7 Nxd7 36. Bc7 Bxd6 37. Bxd6+ Ke8 38. a4 Kd8 39. a5 Kc8 40. a6 c4 41. Ke2 Nb6 42. Bf8 e4 43. Bxh6 c3 44. Kd1 Nd5 45. Ke2 Kb8 46. Bf8 Ka7 47. Bc5+ Kxa6 48. Bd4 Kb5 49. Kd1 Kc4 50. Kc2 Nb4+ 51. Kc1 Kd3 52. Kb1 c2+ 53. Kb2 Kd2 54. Kb3 c1=Q 55. Kxb4 Kd3 56. Bxf6 Qc4+ 57. Ka3 0-1

[Event "Superfest U1700"]
[Site "Sainte-Adele CAN"]
[Date "2012.08.17"]
[Round "3"]
[White "Frangakis, Evan"]
[Black "Ming, Wenyang"]
[Result "0-1"]
[WhiteElo "1382"]
[BlackElo "1678"]
[PlyCount "64"]
[GameId "2160767909445621"]
[EventDate "2012.08.15"]
[EventType "swiss"]
[EventRounds "5"]
[EventCountry "CAN"]

1. d4 d5 2. Nf3 Nf6 3. c4 c6 4. cxd5 cxd5 5. Bg5 Ne4 6. Bf4 Qb6 7. Qb3 Qxb3 8. axb3 Nc6 9. Nc3 e6 10. e3 Bb4 11. Rc1 Na5 12. Bb5+ Bd7 13. O-O Nxb3 14. Bxd7+ Kxd7 15. Rb1 Ned2 16. Na2 Bd6 17. Bxd6 Kxd6 18. Ne5 Rhf8 19. Rbd1 Nxf1 20. Kxf1 f6 21. Nf3 Rfc8 22. Rd3 Nc1 23. Nxc1 Rxc1+ 24. Ke2 Rac8 25. Ne1 Rb1 26. Rb3 b6 27. Kd2 e5 28. dxe5+ fxe5 29. f3 Rcc1 30. Nd3 Rd1+ 31. Kc2 e4 32. Nf4 Rbc1# 0-1

[Event "Superfest U1700"]
[Site "Sainte-Adele CAN"]
[Date "2012.08.17"]
[Round "3"]
[White "Gignac, Guy"]
[Black "Laurin, Marcel"]
[Result "0-1"]
[WhiteElo "1561"]
[BlackElo "1568"]
[PlyCount "64"]
[GameId "2160767909445622"]
[EventDate "2012.08.15"]
[EventType "swiss"]
[EventRounds "5"]
[EventCountry "CAN"]

1. d4 d5 2. c4 e5 3. dxe5 d4 4. Nf3 Nc6 5. g3 f6 6. exf6 Nxf6 7. Bg2 Be6 8. Nbd2 Qd7 9. O-O Be7 10. b3 Bf5 11. a3 h6 12. Bb2 O-O-O 13. b4 Ng4 14. b5 Nce5 15. Nxd4 Bc5 16. N4b3 Nxf2 17. Nxc5 Qe7 18. Rxf2 Qxc5 19. Bxe5 Qxe5 20. e4 Be6 21. Qf1 Qd4 22. Kh1 Qb2 23. Nf3 Qc3 24. Rc1 Qxa3 25. Rd2 Rdf8 26. Rd3 Qc5 27. Bh3 Bxh3 28. Qxh3+ Kb8 29. Qd7 Qf2 30. Rcd1 b6 31. Ne5 Qe2 32. Qg4 Rf1+ 0-1

[Event "Superfest U1700"]
[Site "Sainte-Adele CAN"]
[Date "2012.08.17"]
[Round "3"]
[White "Ouellet, Maili-Jade"]
[Black "Johnson-Constantin, Mathieu"]
[Result "0-1"]
[WhiteElo "1269"]
[BlackElo "1394"]
[PlyCount "136"]
[GameId "2160767909445623"]
[EventDate "2012.08.15"]
[EventType "swiss"]
[EventRounds "5"]
[EventCountry "CAN"]

1. d4 Nf6 2. c4 g6 3. Nc3 Bg7 4. e4 d6 5. f4 b6 6. Nf3 Nbd7 7. Be2 O-O 8. O-O Bb7 9. d5 Nc5 10. Nd2 a5 11. Bf3 c6 12. Re1 cxd5 13. cxd5 e6 14. dxe6 fxe6 15. e5 dxe5 16. Bxb7 Nxb7 17. fxe5 Qd4+ 18. Kh1 Ng4 19. Nde4 Qxd1 20. Rxd1 Bxe5 21. h3 Nf2+ 22. Nxf2 Rxf2 23. Kg1 Raf8 24. Bh6 R8f5 25. Rd2 Rxd2 26. Bxd2 Bf4 27. Bxf4 Rxf4 28. Re1 Nc5 29. g3 Rf5 30. Re3 Kf7 31. Kg2 Nd7 32. Ne4 Ke7 33. h4 Re5 34. Kf3 Nc5 35. Nxc5 Rxe3+ 36. Kxe3 bxc5 37. Ke4 Kd6 38. b3 e5 39. g4 Ke6 40. h5 Kd6 41. h6 Ke6 42. Ke3 Kd5 43. Kd3 e4+ 44. Ke3 g5 45. Ke2 Kd4 46. Kd2 e3+ 47. Ke2 Ke4 48. a3 Kd4 49. a4 Ke4 50. Ke1 Kd3 51. Kd1 Kc3 52. Ke2 Kxb3 53. Kxe3 c4 54. Kd2 Kb2 55. Ke3 c3 56. Ke4 c2 57. Kf5 c1=Q 58. Kf6 Qc6+ 59. Kxg5 Qg6+ 60. Kf4 Kc3 61. Kf3 Kd3 62. Kf4 Kd4 63. Kf3 Qe4+ 64. Kg3 Ke3 65. g5 Qf3+ 66. Kh2 Qg4 67. g6 Kf2 68. g7 Qg2# 0-1

[Event "Superfest U1700"]
[Site "Sainte-Adele CAN"]
[Date "2012.08.17"]
[Round "3"]
[White "Saha, Ananda"]
[Black "Bolduc, Jacques"]
[Result "1-0"]
[WhiteElo "1549"]
[BlackElo "1413"]
[PlyCount "65"]
[GameId "2160767909445624"]
[EventDate "2012.08.15"]
[EventType "swiss"]
[EventRounds "5"]
[EventCountry "CAN"]

1. d4 d5 2. c4 e6 3. Nc3 c6 4. Nf3 Nf6 5. Bg5 Be7 6. e3 Nbd7 7. cxd5 cxd5 8. Bd3 h6 9. Bf4 Nh5 10. Be5 Nxe5 11. dxe5 g6 12. Qc2 Ng7 13. e4 d4 14. Rd1 Kf8 15. Be2 Qc7 16. Rxd4 Bd7 17. Rc4 Bc6 18. O-O Nh5 19. g3 Rc8 20. Nb5 Qb8 21. Rd1 Kg7 22. Nd6 Rc7 23. Nd4 Bxd6 24. exd6 Rcc8 25. Nxc6 bxc6 26. Bxh5 gxh5 27. Qc3+ f6 28. Rxc6 Rxc6 29. Qxc6 Qxb2 30. d7 Qb8 31. Qxe6 h4 32. Qe7+ Kg6 33. d8=Q 1-0

[Event "Superfest U1700"]
[Site "Sainte-Adele CAN"]
[Date "2012.08.17"]
[Round "3"]
[White "Wang, Kelly"]
[Black "Labrecque, Rejean"]
[Result "1/2-1/2"]
[WhiteElo "1541"]
[BlackElo "1688"]
[PlyCount "215"]
[GameId "2160767909445625"]
[EventDate "2012.08.15"]
[EventType "swiss"]
[EventRounds "5"]
[EventCountry "CAN"]

1. e4 e5 2. Nf3 Nc6 3. Bc4 Be7 4. Nc3 Nf6 5. d3 O-O 6. O-O a6 7. a4 d6 8. h3 h6 9. Re1 Be6 10. Ba2 Bxa2 11. Rxa2 Qd7 12. Ra1 Nb4 13. d4 exd4 14. Nxd4 d5 15. exd5 Nbxd5 16. Nxd5 Nxd5 17. Nf3 Bf6 18. c3 Rad8 19. Qc2 Rfe8 20. Bd2 Rxe1+ 21. Rxe1 Re8 22. Rxe8+ Qxe8 23. Qb3 Qc6 24. Kf1 Nb6 25. a5 Qc4+ 26. Qxc4 Nxc4 27. Bf4 c6 28. Ke2 Nxb2 29. Ne5 g5 30. Bh2 Bd8 31. Ng4 h5 32. Nh6+ Kf8 33. Bd6+ Ke8 34. Bb4 Nc4 35. Nf5 Bxa5 36. Bxa5 Nxa5 37. Ng7+ Ke7 38. Nxh5 Nc4 39. Ng3 Nd6 40. Kd3 Ke6 41. Ne2 c5 42. f4 Kf5 43. g4+ Kf6 44. fxg5+ Kxg5 45. c4 Kh4 46. Nf4 Kg3 47. Nd5 Kxh3 48. Nf6 b5 49. cxb5 axb5 50. Kc3 Kh4 51. Nd7 c4 52. Ne5 Kg5 53. Kb4 Kf4 54. Nc6 f6 55. Kc5 Ne4+ 56. Kxb5 c3 57. Nb4 Kxg4 58. Kc4 Kf3 59. Kd3 Kf4 60. Nd5+ Ke5 61. Ne7 f5 62. Ng6+ Kf6 63. Nf4 Kg5 64. Ne2 Kg4 65. Ke3 Kg5 66. Kd4 Kh4 67. Kd3 Kh3 68. Kd4 Kg4 69. Ke3 Kg5 70. Kd3 Kf6 71. Kd4 Ke6 72. Nf4+ Kd6 73. Nd3 c2 74. Nc1 Ng3 75. Kd3 f4 76. Kxc2 Kd5 77. Nd3 f3 78. Kd2 Ke4 79. Nf2+ Kf4 80. Nd1 Ne4+ 81. Ke1 Kg3 82. Kf1 Nc5 83. Kg1 Nb3 84. Kf1 Nd2+ 85. Ke1 Nb3 86. Kf1 Nd4 87. Kg1 Ne2+ 88. Kf1 Kf4 89. Kf2 Ke4 90. Kf1 Kd3 91. Kf2 Nd4 92. Ke1 Ne2 93. Kf2 Nd4 94. Ke1 Kc2 95. Nf2 Ne6 96. Nh1 Kd3 97. Kf2 Ng5 98. Kf1 Ke3 99. Ke1 Nh3 100. Kf1 Kd2 101. Nf2 Nf4 102. Nh1 Ke3 103. Ke1 Ng6 104. Kf1 Nh4 105. Ke1 Ng2+ 106. Kf1 Kd2 107. Kf2 Nh4 108. Kg3 1/2-1/2

[Event "Superfest U1700"]
[Site "Sainte-Adele CAN"]
[Date "2012.08.18"]
[Round "4"]
[White "Bolduc, Jacques"]
[Black "Breton, Jules"]
[Result "0-1"]
[WhiteElo "1413"]
[BlackElo "1409"]
[PlyCount "72"]
[GameId "2160767909445626"]
[EventDate "2012.08.15"]
[EventType "swiss"]
[EventRounds "5"]
[EventCountry "CAN"]

1. d4 Nf6 2. c4 d5 3. Nc3 e6 4. Bf4 Bd6 5. Bxd6 Qxd6 6. c5 Qe7 7. e3 c6 8. Bd3 e5 9. Nge2 O-O 10. O-O e4 11. Bc2 Ng4 12. h3 Nh6 13. Ng3 f5 14. Qd2 b6 15. b4 b5 16. Rae1 a5 17. a3 Be6 18. f3 Qg5 19. Nce2 axb4 20. axb4 Nd7 21. Kh2 Qd8 22. Nf4 Qe7 23. fxe4 fxe4 24. Bd1 g5 25. Nxe6 Qxe6 26. Nh5 Nf6 27. Qe2 Ra7 28. Nxf6+ Rxf6 29. Qh5 Rg6 30. Rf2 g4 31. g3 gxh3 32. Ref1 Rf7 33. Rxf7 Nxf7 34. Rf5 Kg7 35. Bg4 Nh6 36. Re5 Nxg4+ 0-1

[Event "Superfest U1700"]
[Site "Sainte-Adele CAN"]
[Date "2012.08.18"]
[Round "4"]
[White "Bonneville-Roussy, Didier"]
[Black "Bolduc, Olivier"]
[Result "1-0"]
[WhiteElo "1336"]
[BlackElo "1319"]
[PlyCount "73"]
[GameId "2160767909445627"]
[EventDate "2012.08.15"]
[EventType "swiss"]
[EventRounds "5"]
[EventCountry "CAN"]

1. d4 d5 2. c4 e6 3. Nc3 Nf6 4. Bg5 Be7 5. Nf3 c5 6. e3 Nc6 7. cxd5 exd5 8. Bb5 O-O 9. Bxc6 bxc6 10. dxc5 Bxc5 11. Qa4 Qd6 12. Bf4 Qe6 13. O-O a5 14. Nd4 Bxd4 15. Qxd4 Ba6 16. Rfd1 Rfe8 17. Na4 Be2 18. Rd2 Bb5 19. Nc5 Qe7 20. Rc1 Ne4 21. Rdc2 Nxc5 22. Rxc5 Ra6 23. a4 Bc4 24. e4 Qxe4 25. Qxe4 Rxe4 26. Be3 f5 27. g3 Re6 28. Kg2 Bb3 29. Bd2 Bxa4 30. Bxa5 Re2 31. Bc3 Kf7 32. Ra1 Ke6 33. b3 Kd6 34. Bd4 g6 35. bxa4 Rb6 36. Ra5 Rb4 37. Bc5+ 1-0

[Event "Superfest U1700"]
[Site "Sainte-Adele CAN"]
[Date "2012.08.18"]
[Round "4"]
[White "Frangakis, Evan"]
[Black "Saha, Ananda"]
[Result "0-1"]
[WhiteElo "1382"]
[BlackElo "1549"]
[PlyCount "86"]
[GameId "2160767909445628"]
[EventDate "2012.08.15"]
[EventType "swiss"]
[EventRounds "5"]
[EventCountry "CAN"]

1. d4 d5 2. Nf3 Nf6 3. c4 e6 4. g3 Nbd7 5. c5 Be7 6. Nc3 c6 7. Bg2 b6 8. cxb6 axb6 9. O-O O-O 10. Re1 Bb7 11. Qb3 c5 12. Nb5 c4 13. Qc2 Bc6 14. Nc3 b5 15. e3 b4 16. Nb1 b3 17. Qc3 Ne4 18. a3 Nxc3 19. Nxc3 Nb6 20. Ne5 Qc7 21. e4 Bd6 22. Bf4 Bxe5 23. Bxe5 Qd7 24. Rad1 Na4 25. Nxa4 Rxa4 26. f3 c3 27. bxc3 Rxa3 28. Re2 Ra2 29. Ree1 b2 30. Rb1 Ba4 31. Re2 Qb5 32. Bf1 Qb3 33. Bd6 Rc8 34. Bb4 Bb5 35. Ree1 Bxf1 36. Kxf1 dxe4 37. fxe4 Rca8 38. d5 exd5 39. exd5 Ra1 40. d6 Rxb1 41. Rxb1 Ra1 42. d7 Rxb1+ 43. Kf2 Rd1 0-1

[Event "Superfest U1700"]
[Site "Sainte-Adele CAN"]
[Date "2012.08.18"]
[Round "4"]
[White "Labrecque, Rejean"]
[Black "Ouellet, Maili-Jade"]
[Result "1-0"]
[WhiteElo "1688"]
[BlackElo "1269"]
[PlyCount "123"]
[GameId "2160767909445629"]
[EventDate "2012.08.15"]
[EventType "swiss"]
[EventRounds "5"]
[EventCountry "CAN"]

1. d4 d5 2. c4 e6 3. Nf3 Nf6 4. e3 Be7 5. Bd3 dxc4 6. Bxc4 O-O 7. O-O b6 8. Nc3 Bb7 9. Bd3 Nbd7 10. Qe2 c5 11. Rd1 Qc7 12. Bd2 Rac8 13. Rac1 Qb8 14. Ba6 cxd4 15. exd4 Rfd8 16. Bxb7 Qxb7 17. Bf4 Nh5 18. Be3 Nhf6 19. Bf4 Nh5 20. Be3 Nhf6 21. h3 Nd5 22. Nxd5 Qxd5 23. Qa6 Ra8 24. Rd2 Bd6 25. Rdc2 Nf6 26. Rc8 Rdxc8 27. Rxc8+ Rxc8 28. Qxc8+ Bf8 29. Ne5 Qd6 30. Qb7 Qe7 31. Qxe7 Bxe7 32. Nc6 Nd5 33. Nxa7 Bf6 34. Nc6 Kf8 35. Kf1 Ke8 36. Ke2 Kd7 37. Ne5+ Ke7 38. a3 Nxe3 39. Kxe3 Bg5+ 40. f4 Bf6 41. a4 g6 42. Nc4 Bg7 43. Nxb6 Kd6 44. Nc4+ Kd5 45. Ne5 f6 46. Ng4 g5 47. Kd3 h6 48. Ne3+ Kc6 49. Kc4 Bf8 50. d5+ exd5+ 51. Nxd5 f5 52. b4 Kb7 53. b5 Bd6 54. a5 Ka7 55. Kb3 Bc5 56. Ka4 Bf2 57. b6+ Kb7 58. Kb5 h5 59. a6+ Kb8 60. Kc6 Bd4 61. a7+ Ka8 62. Nc7# 1-0